Standard reference elastomers. Acrylonitrile-butadiene rubber (NBR), cross-linked by peroxide, for characterizing liquids with regard to their effect on NBR. (Record no. 73341)

MARC details
000 -LEADER
fixed length control field 00497nam a2200145Ia 4500
245 #0 - TITLE STATEMENT
Title Standard reference elastomers. Acrylonitrile-butadiene rubber (NBR), cross-linked by peroxide, for characterizing liquids with regard to their effect on NBR.
260 ## - PUBLICATION, DISTRIBUTION, ETC. (IMPRINT)
Year of publication 1981
500 ## - GENERAL NOTE
General note Standard number: DIN 53 538 Part 1
650 ## - SUBJECT ADDED ENTRY--TOPICAL TERM
Topical Term Acrylonitrile butadiene rubber
650 ## - SUBJECT ADDED ENTRY--TOPICAL TERM
Topical Term Elastomers
650 ## - SUBJECT ADDED ENTRY--TOPICAL TERM
Topical Term NBR
650 ## - SUBJECT ADDED ENTRY--TOPICAL TERM
Topical Term Peroxide cure
942 ## - ADDED ENTRY ELEMENTS (KOHA)
Koha item type Standards
Holdings
Withdrawn status Lost status Damaged status Not for loan Collection code Home library Current library Date acquired Koha item type
      Standards DIN standards/German Standards RRII Library RRII Library 31/12/2021 Standards